Derecho justicial material

Enregistré dans:
Détails bibliographiques
Auteurs principaux: Goldschmidt, James (Auteur), Goldschmidt, Roberto (Auteur)
Format: Livre
Langue:espagnol
Publié: Buenos Aires EJEA 1959
Collection:Breviarios de Derecho, 28
Sujets:
Tags: Ajouter un tag
Pas de tags, Soyez le premier à ajouter un tag!

MARC

LEADER 00000cam a2200000 a 4500
001 UCS1019
003 CL-VaPUC
008 970506e19590000AG |||||||||||||||||spa|d
082 0 4 |a 345  |b GOL  |2 21 
100 |a Goldschmidt, James  |e author  |9 562292 
700 0 |a Goldschmidt, Roberto  |e author  |9 384998 
245 1 0 |a Derecho justicial material 
246 1 0 |a Derecho justicial material civil 
300 |a 263 p 
942 |c BK 
945 |d 19970506 00:00:00  |a paguirre 
260 |a Buenos Aires  |b EJEA  |c 1959 
650 7 |a DERECHO PENAL  |2 CL-VaPUC  |9 11 
650 0 |a Derecho civil  |9 255013 
650 0 |a Derecho procesal penal   |9 256392 
650 0 |a Derecho procesal civil  |9 258071 
650 0 |a Prueba  |9 256247 
650 0 |a Teoría del derecho  |9 255982 
650 0 |a Cosa juzgada  |9 255091 
650 7 |a EJECUCION  |2 CL-VaPUC  |9 258070 
583 |a last modification  |c 20181003 05:50:55  |k Rodrigo Vera 
490 0 |a Breviarios de Derecho, 28 
999 |c 259130  |d 259128 
952 |0 0  |1 0  |3 erd  |4 0  |6 345_000000000000000_GOL_1959  |7 0  |8 A  |9 283701  |a BIBDER  |b BIBDER  |e Mateluna Arestizabal, Alfredo Sergio  |i 5489199  |o 345 GOL 1959  |p 5489199  |r 2023-01-25  |w 2019-11-19  |y BK  |z Catalogado en:20181005  |k DER